Cuentos de dos siglos há (Record no. 163757)

MARC details
000 -LEADER
campo de control de longitud fija 00788nam a2200205 i 4500
001 - NÚMERO DE CONTROL
campo de control 163757
003 - IDENTIFICADOR DE NÚMERO DE CONTROL
campo de control ES-MaACL
005 - FECHA Y HORA DE LA ÚLTIMA TRANSACCIÓN
campo de control 20250928145139.0
008 - DATOS DE LONGITUD FIJA--INFORMACIÓN GENERAL
campo de control de longitud fija 031209s1874 sp |||| | spa d
040 ## - FUENTE DE CATALOGACIÓN
Centro catalogador/agencia de origen CAM
Lengua de catalogación spa
Centro/agencia transcriptor CAM
100 1# - ENTRADA PRINCIPAL--NOMBRE DE PERSONA
Nombre de persona Chaves, Ángel R.,
Fechas asociadas al nombre 1849-1909
9 (RLIN) 126471
245 10 - MENCIÓN DEL TÍTULO
Título Cuentos de dos siglos há
Resto del título : cuadros de costumbres del Siglo XVII /
Mención de responsabilidad, etc. por Angel R. Chaves ; con una introducción de Hermilio Olóriz.
260 ## - PUBLICACIÓN, DISTRIBUCIÓN, ETC.
Lugar de publicación, distribución, etc. Madrid :
Nombre del editor, distribuidor, etc. La España Literaria,
Fecha de publicación, distribución, etc. 1874.
300 ## - DESCRIPCIÓN FÍSICA
Extensión 142 p. ;
Dimensiones 19 cm.
490 1# - MENCIÓN DE SERIE
Mención de serie Biblioteca de obras escojidas [i.e. escogidas]
700 1# - ENTRADA AGREGADA--NOMBRE PERSONAL
Nombre de persona Olóriz, Hermilio de,
Fechas asociadas al nombre 1854-1919
9 (RLIN) 130650
830 0# - PUNTO DE ACCESO ADICIONAL DE SERIE-TÍTULO UNIFORME
Título uniforme Biblioteca de obras escojidas [i.e. escogidas]
9 (RLIN) 222298
852 ## - LOCALIZACIÓN
Ubicación ES-MaACL
Número de control de estantería D-2462
Nota libre -- Rúst.
Holdings
Estatus retirado Estado de pérdida Estado de daño No para préstamo Colección Biblioteca de origen Biblioteca actual Ubicación en estantería Fecha de adquisición Fuente de adquisición Total de préstamos Signatura topográfica completa Código de barras Visto por última vez Precio de reemplazo Tipo de ítem Koha
        Libros del s. XIX Biblioteca del Ateneo de Madrid Biblioteca del Ateneo de Madrid Sala Valle Inclán 17/01/2008     D-2462 901171614 23/02/2023 23/02/2023 Libro impreso antiguo